Statistics for HIMYM Quiz

Click here to take the quiz!

General Stats

  • This quiz has been taken 198 times
  • The average score is 6 of 15

Answer Stats

HintAnswer% Correct
What animal did Ted have a fight with on his 31st birthday?goat
98%
Who "sabotaged" Robin and Ted's relationship?Lily
86%
Who does Robin's colleague Becky (boats boats boats) end up with?the Captain
81%
What special guest star plays Anita, the woman conveying the power of saying "no"?Jennifer Lopez
54%
What is the name of Lily and Marshall's daughter?Daisy
51%
What dubious beverage did Ted and Marshall drink back in the day?Tantrum
45%
Who does Victoria meet in Germany and leave for Ted?Klaus
43%
According to Robin, what place does not exist?North Pole
42%
Robin dated a guy with dog-like mannerisms. What is his name?Scooby
42%
What bar does Robin visit whenever she is homesick?Hoser Hut
27%
What is the name of Barney's fake son?Tyler
21%
Robin's former best friend, Jessica Glitter, is played by whom?Nicole Scherzinger
19%
What "game" does Marshall need to play in order to have his "Beercules" video removed?Edward Fortyhands
18%
What drink makes Marshall realize his attractiveness?daiquiri
10%
There exists a real MacLaren's pub that is inspired by the show. Where is it located?Berlin
8%

Score Distribution

Percentile by Number Answered

Percent of People with Each Score

Your Score History

You have not taken this quiz